=A bailarina fantasma (Record no. 14058)

MARC details
000 -LÍDER
campo de controle de tamanho fixo 00362 a2200157 4500
001 - NÚMERO DE CONTROLE
campo de controle 14058
020 ## - ISBN - INTERNATIONAL STANDARD BOOK NUMBER
ISBN - International Standard Book Number 9788578480400 (broch.)
040 ## - FONTE DA CATALOGAÇÃO
Instituição que transcreveu o registro Anchieta - Aquarius
100 ## - ENTRADA PRINCIPAL--NOME PESSOAL
Nome pessoal Acioli, Socorro
240 10 - TÍTULO UNIFORME
Título uniforme =A bailarina fantasma
Idioma da obra por
245 10 - TÍTULO
Título =A bailarina fantasma
300 ## - DESCRIÇÃO FÍSICA
Extensão 177p.
362 0# - DATAS DE PUBLICAÇÃO E/OU DESIGNAÇÃO SEQUENCIAL
Datas de publicação e/ou designação sequencial 2009
650 #4 - ASSUNTO--TERMO TÓPICO
Cabeçalho tópico ou nome geográfico Literatura brasileira
942 ## - ELEMENTOS DE ENTRADA ADICIONADOS (KOHA)
Tipo de material Koha Livros
Holdings
Situação do descarte Situação das perdas Situação física Não pode ser emprestado Biblioteca de origem Biblioteca atual Data de aquisição Total de empréstimos Número de chamada completo Código de barras Data de último acesso Data do último empréstimo Data do preço efetivo Tipo de material Koha
        Colégio Anchieta - Aquarius Colégio Anchieta - Aquarius 21/11/2023   869.93 ACI ABA 5770/AQU 21/11/2023   21/11/2023 Livros
        Colégio Anchieta - Pituba Colégio Anchieta - Pituba 21/11/2023   LJ 028.5 A181b ACI BAI 13447/PIT 21/11/2023   21/11/2023 Livros
        Colégio Anchieta - Pituba Colégio Anchieta - Pituba 21/11/2023   LJ 028.5 A181b ACI BAI 13448/PIT 21/11/2023   21/11/2023 Livros
        Colégio Anchieta - Pituba Colégio Anchieta - Pituba 21/11/2023   LJ 028.5 A181b ACI BAI 13449/PIT 21/11/2023   21/11/2023 Livros
        Colégio Anchieta - Pituba Colégio Anchieta - Pituba 21/11/2023   LJ 028.5 A181b ACI BAI 13450/PIT 21/11/2023   21/11/2023 Livros
        Colégio Anchieta - Pituba Colégio Anchieta - Pituba 21/11/2023   LJ 028.5 A181b ACI BAI 13451/PIT 21/11/2023   21/11/2023 Livros
        Colégio Anchieta - Pituba Colégio Anchieta - Pituba 21/11/2023   LJ 028.5 A181b ACI BAI 13452/PIT 21/11/2023   21/11/2023 Livros
        Colégio São Paulo Colégio São Paulo 22/11/2023   LJ 028.5 A181 7217/CSP 22/11/2023   22/11/2023 Livros
        Colégio São Paulo Colégio São Paulo 22/11/2023   LJ 028.5 A181a 7218/CSP 22/11/2023   22/11/2023 Livros
        Colégio Anchieta - Aquarius Inspira 21/11/2023 1 869.93 ACI ABA 5769/AQU 21/11/2023 21/11/2023 21/11/2023 Livros